000 00712nam a2200217 i 4500
001 C2-0244925
003 PPAK
005 20180727210043.0
008 030203s xx a|||| ||||| | eng d
040 _aPPAK
_beng
_cPPAK
_erda
082 0 4 _a690.5
_223
090 0 0 _a690.5
_bRUM
_dKSA
245 0 0 _aRumah Cik Teh and Rumah Tengku Nik Istana Maziah Kuala Trengganu
264 1 _a[place of publication not identified] :
_b[publisher not identified] ,
_c[date of publication not identified]
300 _a115 pages :
_billustrations ;
_c21 cm
336 _2rdacontent
_atext
337 _2rdamedia
_aunmediated
338 _2rdacarrier
_avolume
650 1 0 _aHouse construction - Specifications
942 _ddc
_cB
999 _c59078
_d59078